Судебные и правоохранительные органы (Запись № 13509497)
[ простой вид ]
| 000 -МАРКЕР | |
|---|---|
| контрольное поле | 02232nam0a2200385 4500 |
| 001 - ИДЕНТИФИКАТОР ЗАПИСИ | |
| контрольное поле | RU\NLR\BIBL_A\022627398 |
| 005 - ИДЕНТИФИКАТОР ВЕРСИИ | |
| контрольное поле | 20260607051236.0 |
| 010 ## - МЕЖДУНАРОДНЫЙ СТАНДАРТНЫЙ НОМЕР КНИГИ (ISBN) | |
| Номер (ISBN) | 978-5-392-44092-4 |
| Тираж | 1000 |
| 021 ## - НОМЕР ГОСУДАРСТВЕННОЙ РЕГИСТРАЦИИ | |
| Код страны | Российская Федерация |
| Номер | КН-П-25-040897 |
| Номер Листа государственной регистраци | КН-П-25-3980 |
| 035 ## - ДРУГИЕ СИСТЕМНЫЕ НОМЕРА | |
| Идентификатор записи | (NLR Aleph) 022627398 |
| 100 ## - ДАННЫЕ ОБЩЕЙ ОБРАБОТКИ | |
| Данные общей обработки | 20250922d2025 k y0rusy50 ca |
| 101 0# - ЯЗЫК РЕСУРСА | |
| Язык текста, звукозаписи и т.д. | русский |
| 102 ## - СТРАНА ПУБЛИКАЦИИ ИЛИ ПРОИЗВОДСТВА | |
| Страна публикации | Российская Федерация |
| 105 ## - ПОЛЕ КОДИРОВАННЫХ ДАННЫХ: ТЕКСТОВЫЕ МАТЕРИАЛЫ, МОНОГРАФИЧЕСКИЕ | |
| Кодированные данные о монографическом текстовом документе | y z 000 y |
| 181 #0 - ПОЛЕ КОДИРОВАННЫХ ДАННЫХ: ВИД СОДЕРЖАНИЯ | |
| Код вида содержания (ISBD) | i4 |
| Код характеристики содержания (ISBD) | axxe |
| 182 #0 - ПОЛЕ КОДИРОВАННЫХ ДАННЫХ: ТИП СРЕДСТВА | |
| Код типа средства (ISBD) | n - непосредственное |
| 200 1# - ЗАГЛАВИЕ И СВЕДЕНИЯ ОБ ОТВЕТСТВЕННОСТИ | |
| Основное заглавие | Судебные и правоохранительные органы |
| Сведения, относящиеся к заглавию | учебник |
| Первые сведения об ответственности | [канд. юрид. наук Калиновский Константин Борисович, д-р юрид. наук, проф. Петров Александр Васильевич, преп. судья в отставке Саяпин Виталий Геннадьевич и др.] |
| Последующие сведения об ответственности | ответственный редактор К. Б. Калиновский |
| 203 ## - ВИД СОДЕРЖАНИЯ И ТИП СРЕДСТВА | |
| Вид содержания | Текст |
| Дополнительные сведения об издании | визуальный |
| Тип средства | непосредственный |
| 210 ## - ПУБЛИКАЦИЯ, РАСПРОСТРАНЕНИЕ И ДР. | |
| Место издания, распространения и т.д. | Москва |
| Имя издателя, распространителя и т. д. | Проспект |
| Дата издания, распространения и т.д. | 2025 |
| 215 ## - ФИЗИЧЕСКАЯ ХАРАКТЕРИСТИКА | |
| Специфическое обозначение материала и объем | 512 с. |
| Размеры | 22 |
| 300 ## - ОБЩИЕ ПРИМЕЧАНИЯ | |
| Текст примечания | Авт. указаны на 503-й с. |
| 320 ## - ПРИМЕЧАНИЯ О НАЛИЧИИ В ДОКУМЕНТЕ БИБЛИОГРАФИИ / УКАЗАТЕЛЯ | |
| Текст примечания | Библиогр. : с. 501-502 (17 назв.) и в конце гл. |
| 606 1# - НАИМЕНОВАНИЕ ТЕМЫ КАК ПРЕДМЕТ | |
| Наименование темы | Судебная система |
| Формальный подзаголовок | Учебники для высших учебных заведений |
| Географический подзаголовок | Российская Федерация |
| Системный номер авторитетной/нормативной записи | 2178042 |
| Идентификатор авторитетной/нормативной записи | RU\NLR\AUTH\661309925 |
| 606 1# - НАИМЕНОВАНИЕ ТЕМЫ КАК ПРЕДМЕТ | |
| Наименование темы | Правоохранительные органы |
| Формальный подзаголовок | Учебники для высших учебных заведений |
| Географический подзаголовок | Российская Федерация |
| Системный номер авторитетной/нормативной записи | 2078894 |
| Идентификатор авторитетной/нормативной записи | RU\NLR\AUTH\661254761 |
| 686 1# - ИНДЕКСЫ ДРУГИХ КЛАССИФИКАЦИЙ | |
| Индекс | Х629.0я73 |
| 686 1# - ИНДЕКСЫ ДРУГИХ КЛАССИФИКАЦИЙ | |
| Индекс | Х629.01я73 |
| 701 #1 - ИМЯ ЛИЦА - АЛЬТЕРНАТИВНАЯ ОТВЕТСТВЕННОСТЬ | |
| Материалы, к которым относится поле | rus |
| Графика поля | Кириллица |
| Начальный элемент ввода | Калиновский |
| Часть имени, кроме начального элемента ввода | К. Б. |
| Дополнения к именам, кроме дат | юрист |
| Даты | 1971- |
| Расширение инициалов личного имени | Константин Борисович |
| Идентификатор авторитетной/нормативной записи | RU\NLR\AUTH\7727748 |
| Системный номер авторитетной/нормативной записи | 10779 |
| 701 #1 - ИМЯ ЛИЦА - АЛЬТЕРНАТИВНАЯ ОТВЕТСТВЕННОСТЬ | |
| Графика поля | Кириллица |
| Материалы, к которым относится поле | rus |
| Начальный элемент ввода | Петров |
| Часть имени, кроме начального элемента ввода | А. В. |
| Дополнения к именам, кроме дат | д-р юрид. наук, теория государства и права |
| Даты | 1952- |
| Расширение инициалов личного имени | Александр Васильевич |
| Системный номер авторитетной/нормативной записи | 20754 |
| Идентификатор авторитетной/нормативной записи | RU\NLR\AUTH\7737766 |
| 701 #1 - ИМЯ ЛИЦА - АЛЬТЕРНАТИВНАЯ ОТВЕТСТВЕННОСТЬ | |
| Начальный элемент ввода | Саяпин |
| Часть имени, кроме начального элемента ввода | В. Г. |
| Расширение инициалов личного имени | Виталий Геннадьевич |
| 942 ## - ДОПОЛНИТЕЛЬНЫЕ ЭЛЕМЕНТЫ ЗАПИСИ (АБИС) | |
| Тип экземпляра АБИС | Книга |
| 980 ## - КОЛЛЕКЦИЯ | |
| Название коллекции | Национальная библиография |
Нет доступных экземпляров.